| 000 | 00724nam a2200229 a 4500 | ||
|---|---|---|---|
| 001 | BRL_491 | ||
| 005 | 20190320210752.0 | ||
| 008 | 200813s1964----gw-abo####---#000-0#ger-# | ||
| 041 | _ager | ||
| 044 | _agw | ||
| 050 | 4 |
_aN5305 _b.K86 8 1964 |
|
| 100 | 1 |
_aOtto-Dorn, Katharina _924091 |
|
| 245 | 1 | 0 |
_aKunst des Islam _cVon Katharina Otto-Dorn |
| 260 |
_aGermany _bHolle-Verlag Baden-Baden _c1964 |
||
| 300 |
_a262 p. _bil. (algunas a color) _c23 cm. |
||
| 440 | 0 |
_aKunst der Welt; ihre geschichtlichen, soziologischen und religiösen Grundlagen _pDie aussereuropäischen Kulturen _v8 _924092 |
|
| 500 | _aAu518 | ||
| 500 | _aBibliografía: p. 241-243 | ||
| 650 | 1 | 4 |
_aArte islámico _91975 |
| 902 | _aGRL | ||
| 942 |
_2lcc _cB |
||
| 999 |
_c9303 _d9303 |
||